Zbierka zákonov Českej a Slovenskej federatívnej republiky

Uložené v:
Podrobná bibliografia
Médium: Seriál
Jazyk:Slovak
Vydavateľské údaje: Praha Federálne ministerstvo vnútra 1991
Predmet:
Tagy: Pridať tag
Žiadne tagy, Buďte prvý, kto otaguje tento záznam!

MARC

LEADER 00000nas2a2200000 4500
001 s015413
005 20180117152325.7
041 0 |a slo 
044 |a CZ 
245 1 0 |a Zbierka zákonov Českej a Slovenskej federatívnej republiky 
264 1 |a Praha  |b Federálne ministerstvo vnútra  |c 1991 
300 |a 4 zv. 
773 0 |w eu_un_cat*s120942 
610 2 0 |a zákony 
610 2 0 |a právo